00461nam a2200169Ia 450000500170000000800410001702000150005808200130007310000170008624500530010326000450015630000130020165000100021465000110022470000280023570000280026320240705024519.0240331s9999 xx 000 0 und d a0803939876 a155bWOM aTurner, B.F  0aWomen growing older :bpychologycal perspectives aCaliforniabSage Publications, Incc1994 a282 p ., aWomen aSocial aF. Turner, Barbaraeedt aE. Troll, Lillianeeedt